000 00675cam a22002291 4500
001 sa 65000224
003 DLC
005 20260227112101.0
008 881028s1963 xx 000 0 hino
010 _asa 65000224
035 _a(OCoLC)23555252
040 _aDLC
_cMiU
_dDLC
042 _apremarc
050 0 0 _aPK1718.K7
_bR38
100 1 _aTripāṭhī, Ramānātha,
_d1926-
245 1 0 _aKṛttivāsī-Ban galā-Rām āyaṇa aura Rāmacarita-mānasa kā tulanātmaka adhyayana.
260 _c[1963]
300 _a23, 330 p.
_c25 cm.
500 _aRomanized.
600 0 0 _aTulasīdāsa,
_d1532-1623.
_tRāmacaritamānasa
610 2 0 _aKṛttibāsa.
_bRāmāyayaṇa.
999 _c61445
_d61445